| 000 | 01136nam0a22003011 4500 | ||
|---|---|---|---|
| 001 | rc\4766302 | ||
| 005 | 20250613075925.0 | ||
| 021 |
_aRU _b[68-1830] |
||
| 035 | _a(NLR Aleph) 009020310 | ||
| 090 |
_a9424039 _c9424039 |
||
| 100 | _a20130417d1967 |||y0rusy50 ca | ||
| 101 | 0 | _arus | |
| 102 | _aRU | ||
| 105 | _aa z ||||| | ||
| 200 | 1 |
_aВитрувий и Эллада _eОсновы античной теории архитектуры |
|
| 210 |
_aМосква _cСтройиздат _d1967 |
||
| 215 |
_a280 с. _cил. _d22 |
||
| 300 | _aНа пер. авт. не указан | ||
| 320 | _aБиблиогр.: с. 270-278 (535 назв.) | ||
| 606 |
_aАнтичная архитектура _2psbo |
||
| 606 |
_aАрхитектурные формы, теория _2psbo |
||
| 700 | 1 |
_7ca _8rus _aМихайлов _bБ. П. _cд-р техн. наук, д-р архитектуры _f1901-1969 _gБорис Петрович _92641605 _3RU\NLR\AUTH\770273368 |
|
| 702 | 0 |
_aВитрувий _f1 в. до н.э. _4570 |
|
| 801 | 0 |
_aRU _bNLR _gpsbo |
|
| 801 | 1 |
_aRU _bELAR _2rusmarc |
|
| 852 |
_aNLR _j68-5/596 |
||
| 942 | _cBOOK | ||
| 980 | _aNB | ||